Descentralización estatal y decisionismo fiscal (Registro nro. 2671)
[ vista simple ]
| 000 -LEADER | |
|---|---|
| fixed length control field | 01269 a2200205 4500 |
| 001 - CONTROL NUMBER | |
| control field | 36636 |
| 005 - DATE AND TIME OF LATEST TRANSACTION | |
| control field | 20260407155640.0 |
| 008 - FIXED-LENGTH DATA ELEMENTS--GENERAL INFORMATION | |
| fixed length control field | 260407a1999 arg spa d |
| 003 - CONTROL NUMBER IDENTIFIER | |
| control field | AR-UNSa-BCEJYS |
| 040 ## - CATALOGING SOURCE | |
| Original cataloging agency | AR-UNSa-BCEJYS |
| Language of cataloging | spa |
| Transcribing agency | AR-UNSa-BCEJYS |
| 080 ## - UNIVERSAL DECIMAL CLASSIFICATION NUMBER | |
| Universal Decimal Classification number | 336.1 |
| Common auxiliary subdivision | Finanzas Públicas. Finanzas del gobierno en general<br/> <br/> |
| 041 ## - LANGUAGE CODE | |
| Language code of text/sound track or separate title | spa |
| 100 1# - MAIN ENTRY--PERSONAL NAME | |
| Personal name | Fernández, Víctor Ramiro |
| 245 10 - TITLE STATEMENT | |
| Title | Descentralización estatal y decisionismo fiscal |
| Name of part/section of a work | enfoque crítico y propuestas a partir de la experiencia Argentina. 1960-1990 |
| 264 #1 - PRODUCTION, PUBLICATION, DISTRIBUTION, MANUFACTURE, AND COPYRIGHT NOTICE | |
| Place of production, publication, distribution, manufacture | Santa Fe : |
| Name of producer, publisher, distributor, manufacturer | Universidad Nacional del Litoral |
| Date of production, publication, distribution, manufacture, or copyright notice | 1999 |
| 300 ## - PHYSICAL DESCRIPTION | |
| Extent | 66 p. |
| Dimensions | 25 cm. |
| 505 ## - FORMATTED CONTENTS NOTE | |
| Formatted contents note | 1. Las vertientes discursivas de la descentralización estatal y la presencia estratégica de la dimensión fiscla. Ambiguedades y límites en la vertiente discursiva dominante de la descentralización fiscal - 2. Concentración, desconcentración y descentralización estatal. Análisis de las relaciones interjurisdiccionales en el caso argentino (1960-1990) desde el decisionismo fiscal - 3. Desde los límites de la vertiente discursiva dominante de la descentralización estatal-fiscal a la formulación de una alternativa. Explorando los caminos de la doble vía |
| 590 ## - LOCAL NOTE (RLIN) | |
| Local note | niveau_biblio:m niveau_hierar:0 |
| 942 ## - ADDED ENTRY ELEMENTS (KOHA) | |
| Koha item type | |
| Withdrawn status | Lost status | Damaged status | Not for loan | Home library | Current library | Shelving location | Date acquired | Total checkouts | Full call number | Barcode | Date last seen | Price effective from | Koha item type |
|---|---|---|---|---|---|---|---|---|---|---|---|---|---|
| Biblioteca Prof. Eusebio Cleto del Rey | Biblioteca Prof. Eusebio Cleto del Rey | 07/04/2026 | 336.1 F362 | L125300 | 07/04/2026 | 07/04/2026 | Libro |